NHL Quarter Century Teams - Statistics

General Stats
  • This quiz has been taken 13 times
  • The average score is 115 of 198
Answer Stats
Team Position Player % Correct
Toronto Maple Leafs F Auston Matthews
100%
Nashville Predators F Filip Forsberg
100%
Colorado Avalanche F Joe Sakic
100%
Colorado Avalanche F Nathan MacKinnon
100%
Chicago Blackhawks F Patrick Kane
100%
Colorado Avalanche F Peter Forsberg
100%
Pittsburgh Penguins F Sidney Crosby
100%
Detroit Red Wings G Chris Osgood
86%
Chicago Blackhawks G Corey Crawford
86%
Chicago Blackhawks D Duncan Keith
86%
Pittsburgh Penguins F Evgeni Malkin
86%
Vegas Golden Knights F Jack Eichel
86%
Calgary Flames F Jarome Iginla
86%
Anaheim Ducks G Jean-Sebastien Giguere
86%
San Jose Sharks F Joe Thornton
86%
Chicago Blackhawks F Jonathan Toews
86%
Pittsburgh Penguins D Kris Letang
86%
Pittsburgh Penguins G Marc-Andre Fleury
86%
Toronto Maple Leafs F Mats Sundin
86%
Toronto Maple Leafs F Mitch Marner
86%
Detroit Red Wings D Nicklas Lidstrom
86%
Colorado Avalanche G Patrick Roy
86%
Detroit Red Wings F Pavel Datsyuk
86%
Anaheim Ducks F Ryan Getzlaf
86%
Buffalo Sabres G Ryan Miller
86%
Anaheim Ducks F Teemu Selanne
86%
Colorado Avalanche D Adam Foote
71%
New York Rangers D Adam Fox
71%
Vegas Golden Knights G Adin Hill
71%
Florida Panthers F Aleksander Barkov
71%
Washington Capitals F Alex Ovechkin
71%
St. Louis Blues | Vegas Golden Knights D Alex Pietrangelo
71%
Los Angeles Kings F Anze Kopitar
71%
Boston Bruins F Brad Marchand
71%
Chicago Blackhawks D Brent Seabrook
71%
Colorado Avalanche D Cale Makar
71%
Montreal Canadiens G Carey Price
71%
Philadelphia Flyers F Claude Giroux
71%
Arizona Coyotes | Utah Mammoth F Clayton Keller
71%
Edmonton Oilers F Connor McDavid
71%
Anaheim Ducks F Corey Perry
71%
Vancouver Canucks F Daniel Sedin
71%
Toronto Maple Leafs G Ed Belfour
71%
Carolina Hurricanes F Eric Staal
71%
Ottawa Senators D Erik Karlsson
71%
New York Rangers G Henrik Lundqvist
71%
Vancouver Canucks F Henrik Sedin
71%
Detroit Red Wings F Henrik Zetterberg
71%
New York Islanders G Ilya Sorokin
71%
Dallas Stars F Jamie Benn
71%
Calgary Flames F Johnny Gaudreau
71%
New York Islanders F John Tavares
71%
Los Angeles Kings G Jonathan Quick
71%
St. Louis Blues F Keith Tkachuk
71%
Edmonton Oilers F Leon Draisaitl
71%
New Jersey Devils G Martin Brodeur
71%
Tampa Bay Lightning F Martin St. Louis
71%
Calgary Flames | Florida Panthers F Matthew Tkachuk
71%
Dallas Stars F Mike Modano
71%
Arizona Coyotes D Oliver Ekman-Larsson
71%
Boston Bruins F Patrice Bergeron
71%
San Jose Sharks F Patrick Marleau
71%
Chicago Blackhawks F Patrick Sharp
71%
Nashville Predators G Pekka Rinne
71%
Buffalo Sabres D Rasmus Dahlin
71%
Florida Panthers | Vancouver Canucks G Roberto Luongo
71%
Anaheim Ducks | New Jersey Devils D Scott Niedermayer
71%
Carolina Hurricanes F Sebastian Aho
71%
Columbus Blue Jackets G Sergei Bobrovsky
71%
Montreal Canadiens | Nashville Predators D Shea Weber
71%
Tampa Bay Lightning F Steven Stamkos
71%
Detroit Red Wings F Steve Yzerman
71%
Vegas Golden Knights F William Karlsson
71%
Florida Panthers D Aaron Ekblad
57%
Seattle Kraken D Adam Larsson
57%
Tampa Bay Lightning G Andrei Vasilevskiy
57%
Columbus Blue Jackets | New York Rangers F Artemi Panarin
57%
Washington Capitals G Braden Holtby
57%
San Jose Sharks D Brent Burns
57%
Anaheim Ducks D Cam Fowler
57%
Carolina Hurricanes G Cam Ward
57%
Boston Bruins D Charlie McAvoy
57%
St. Louis Blues D Chris Pronger
57%
Winnipeg Jets G Connor Hellebuyck
57%
Ottawa Senators G Craig Anderson
57%
Ottawa Senators F Daniel Alfredsson
57%
Buffalo Sabres F Daniel Briere
57%
Los Angeles Kings D Drew Doughty
57%
Winnipeg Jets D Dustin Byfuglien
57%
Edmonton Oilers D Evan Bouchard
57%
San Jose Sharks G Evgeni Nabokov
57%
Winnipeg Jets F Ilya Kovalchuk
57%
New Jersey Devils F Jack Hughes
57%
Minnesota Wild D Jared Spurgeon
57%
Los Angeles Kings F Jeff Carter
57%
San Jose Sharks F Joe Pavelski
57%
Florida Panthers F Jonathan Huberdeau
57%
St. Louis Blues G Jordan Binnington
57%
Utah Mammoth G Karel Vejmelka
57%
Arizona Coyotes D Keith Yandle
57%
Minnesota Wild F Kirill Kaprizov
57%
San Jose Sharks D Marc-Edouard Vlasic
57%
Calgary Flames D Mark Giordano
57%
New York Rangers F Mika Zibanejad
57%
Philadelphia Flyers F Mike Richards
57%
Arizona Coyotes G Mike Smith
57%
Minnesota Wild F Mikko Koivu
57%
Toronto Maple Leafs D Morgan Rielly
57%
Washington Capitals F Nicklas Backstrom
57%
Tampa Bay Lightning F Nikita Kucherov
57%
Minnesota Wild G Niklas Backstrom
57%
New Jersey Devils F Patrik Elias
57%
Nashville Predators F Paul Kariya
57%
Vancouver Canucks D Quinn Hughes
57%
Columbus Blue Jackets F Rick Nash
57%
Carolina Hurricanes F Rod Brind'Amour
57%
Edmonton Oilers F Ryan Nugent-Hopkins
57%
Montreal Canadiens F Saku Koivu
57%
Dallas Stars D Sergei Zubov
57%
Arizona Coyotes F Shane Doan
57%
Vegas Golden Knights D Shea Theodore
57%
Boston Bruins G Tim Thomas
57%
Washington Capitals F T.J. Oshie
57%
Tampa Bay Lightning D Victor Hedman
57%
Columbus Blue Jackets D Zach Werenski
57%
Boston Bruins D Zdeno Chara
57%
New York Islanders D Adam Pelech
43%
Montreal Canadiens F Alex Kovalev
43%
Los Angeles Kings D Alex Martinez
43%
Montreal Canadiens D Andrei Markov
43%
Winnipeg Jets F Blake Wheeler
43%
Columbus Blue Jackets F Cam Atkinson
43%
Tampa Bay Lightning D Dan Boyle
43%
Los Angeles Kings F Dustin Brown
43%
Edmonton Oilers G Dwayne Roloson
43%
Utah Mammoth F Dylan Guenther
43%
Florida Panthers D Gustav Forsling
43%
Carolina Hurricanes D Jaccob Slavin
43%
Pittsburgh Penguins F Jake Guentzel
43%
Seattle Kraken F Jared McCann
43%
Buffalo Sabres F Jason Pominville
43%
Ottawa Senators F Jason Spezza
43%
Seattle Kraken G Joey Daccord
43%
Washington Capitals D John Carlson
43%
Seattle Kraken F Jordan Eberle
43%
Winnipeg Jets D Josh Morrissey
43%
Philadelphia Flyers D Kimmo Timonen
43%
Utah Mammoth F Logan Cooley
43%
Minnesota Wild F Marian Gaborik
43%
Winnipeg Jets F Mark Scheifele
43%
Vegas Golden Knights F Mark Stone
43%
Vancouver Canucks F Markus Naslund
43%
Dallas Stars G Marty Turco
43%
Nashville Predators F Mike Fisher
43%
Utah Mammoth D Mikhail Sergachev
43%
Calgary Flames G Mikka Kiprusoff
43%
Dallas Stars D Miro Heiskanen
43%
Detroit Red Wings D Niklas Kronwall
43%
Nashville Predators D Roman Josi
43%
New York Rangers D Ryan McDonagh
43%
New Jersey Devils D Scott Stevens
43%
Pittsburgh Penguins D Sergei Gonchar
43%
Columbus Blue Jackets D Seth Jones
43%
Buffalo Sabres F Thomas Vanek
43%
Toronto Maple Leafs D Tomas Kaberle
43%
Montreal Canadiens F Tomas Plekanec
43%
Seattle Kraken D Vince Dunn
43%
St. Louis Blues F Vladimir Tarasenko
43%
Seattle Kraken F Yanni Gourde
43%
New Jersey Devils F Zach Parise
43%
Vancouver Canucks D Alexander Edler
29%
Buffalo Sabres D Brian Campbell
29%
New York Islanders F Brock Nelson
29%
New York Rangers F Chris Kreider
29%
Ottawa Senators F Dany Heatley
29%
Edmonton Oilers D Darnell Nurse
29%
Boston Bruins F David Krejci
29%
Minnesota Wild D Jonas Brodin
29%
New York Islanders F Josh Bailey
29%
Washington Capitals D Mike Green
29%
Arizona Coyotes F Radim Vrbata
29%
Calgary Flames D Robyn Regehr
29%
Ottawa Senators D Wade Redden
29%
St. Louis Blues F Alexander Steen
14%
Philadelphia Flyers D Eric Desjardins
14%
Dallas Stars F Jere Lehtinen
14%
New York Islanders D Nick Leddy
14%
Philadelphia Flyers G Roman Cechmanek
14%
Philadelphia Flyers F Simon Gagne
14%
Carolina Hurricanes D Glen Wesley
0%
Utah Mammoth D Michael Kesselring
0%
No matching quizzes found
Score Distribution
Percent of People with Each Score
Percentile by Number Answered
Your Score History
You have not taken this quiz